[Event "XXXVI C.to Italiano a squadre A1.2"]
[Site "ITA"]
[Date "2004.03.06"]
[Round "1"]
[White "Borgo, Giulio"]
[Black "Picco, Ruggero"]
[Result "1-0"]
[WhiteElo "2409"]
[BlackElo "2069"]
[PlyCount "73"]
[EventDate "2004.03.06"]

1. c4 e5 2. Nc3 Nf6 3. Nf3 Nc6 4. e3 Be7 5. d4 exd4 6. Nxd4 Nxd4 7. Qxd4 b6 8.
Be2 Bb7 9. O-O O-O 10. b3 Re8 11. Bb2 Bf8 12. Rfd1 a6 13. Rac1 Rc8 14. Qf4 Qe7
15. Bf3 Bxf3 16. Qxf3 Rb8 17. Rd3 Qe6 18. Ne2 Bd6 19. Bxf6 Qxf6 20. Qxf6 gxf6
21. g3 Rbd8 22. Nc3 Kg7 23. Rcd1 Kg6 24. Kg2 f5 25. Kf3 Re6 26. Ne2 Re7 27.
Rxd6+ cxd6 28. Rxd6+ Kg7 29. Nd4 Ree8 30. Rxb6 a5 31. Nxf5+ Kg8 32. Rb5 Ra8 33.
Rb7 a4 34. Rxd7 a3 35. Rd3 h5 36. Nd4 Kh7 37. c5 1-0

[Event "XXXVI C.to Italiano a squadre A1.2"]
[Site "ITA"]
[Date "2004.03.06"]
[Round "1"]
[White "Ceschia, Ivano"]
[Black "Godena, Michele"]
[Result "0-1"]
[WhiteElo "2376"]
[BlackElo "2515"]
[PlyCount "78"]
[EventDate "2004.03.06"]

1. e4 e5 2. Nf3 Nc6 3. Bb5 a6 4. Bxc6 dxc6 5. O-O Qd6 6. d3 f6 7. Nbd2 Be6 8.
Qe2 c5 9. Nc4 Qd7 10. Be3 Bd6 11. c3 Bxc4 12. dxc4 Ne7 13. Nd2 Nc6 14. a3 Nd8
15. b4 Ne6 16. Nb3 b6 17. Qd3 Ke7 18. bxc5 Bxc5 19. Nxc5 bxc5 20. Qc2 Rhd8 21.
Rfd1 Qe8 22. Rd5 Kf7 23. Rad1 c6 24. Rd6 Rxd6 25. Rxd6 Rd8 26. Qd1 Ke7 27. Rxd8
Qxd8 28. Qxd8+ Kxd8 29. g3 Kc7 30. f4 Kb6 31. h4 Nd8 32. Kf2 Nb7 33. Ke2 Ka5
34. Kd3 Ka4 35. Bc1 Kb3 36. fxe5 fxe5 37. g4 Nd6 38. Be3 Nxc4 39. Bxc5 Nxa3 0-1

[Event "XXXVI C.to Italiano a squadre A1.2"]
[Site "ITA"]
[Date "2004.03.06"]
[Round "1"]
[White "Cocchi, Andrea"]
[Black "Simoli, Sergio"]
[Result "0-1"]
[WhiteElo "2297"]
[BlackElo "2280"]
[PlyCount "77"]
[EventDate "2004.03.06"]

1. Nf3 Nf6 2. c4 g6 3. Nc3 Bg7 4. d4 O-O 5. Bf4 d6 6. e3 Bf5 7. Be2 Na6 8. O-O
c5 9. Qd2 Qb6 10. Rad1 Rfd8 11. Rfe1 h6 12. e4 Nxe4 13. Nxe4 Bxe4 14. Bxh6 Bxd4
15. Nxd4 cxd4 16. Bg4 d5 17. f3 Bf5 18. Bxf5 gxf5 19. Rxe7 dxc4 20. Rxb7 Qg6
21. Bf4 Rd5 22. Re1 Nc5 23. Rbe7 Ne6 24. Bg3 f4 25. Bf2 Qf6 26. Rb7 Rad8 27.
Qc2 Nc5 28. Rb5 c3 29. bxc3 d3 30. Qd2 Ne6 31. Rxd5 Rxd5 32. Bxa7 Rd7 33. Bf2
Qf5 34. Re4 Qb5 35. Re1 Rc7 36. Rd1 Rd7 37. h3 Qc4 38. Kh1 Rd5 39. Bd4 0-1

[Event "XXXVI C.to Italiano a squadre A1.2"]
[Site "ITA"]
[Date "2004.03.06"]
[Round "1"]
[White "Fabris, Alberto"]
[Black "Mascellani, Marco"]
[Result "0-1"]
[WhiteElo "2221"]
[BlackElo "2266"]
[PlyCount "93"]
[EventDate "2004.03.06"]

1. d4 Nf6 2. Nf3 d5 3. Bf4 e6 4. e3 c5 5. c3 Bd6 6. Ne5 Nc6 7. Nd2 Qc7 8. Ndf3
Nd7 9. Nxd7 Bxd7 10. Bxd6 Qxd6 11. Bd3 e5 12. dxe5 Nxe5 13. Nxe5 Qxe5 14. O-O
O-O 15. Qf3 g6 16. Qg3 Qf6 17. e4 d4 18. c4 Qb6 19. b3 a5 20. f4 f5 21. e5 a4
22. Bc2 axb3 23. axb3 Qb4 24. h4 Qd2 25. Qd3 Qxd3 26. Bxd3 Bc6 27. Rfe1 Kf7 28.
Kf2 Ke6 29. g3 b6 30. Ke2 h6 31. Kd2 g5 32. g4 fxg4 33. f5+ Ke7 34. hxg5 hxg5
35. Rxa8 Rxa8 36. Be4 Bxe4 37. Rxe4 Ra2+ 38. Kd3 Rf2 39. Rxg4 Rxf5 40. Rg2 Rxe5
41. Rh2 g4 42. Rh7+ Kf6 43. Rh6+ Kf5 44. Rxb6 g3 45. Rb8 Kg4 46. Rg8+ Rg5 47.
Ra8 0-1

[Event "XXXVI C.to Italiano a squadre A1.2"]
[Site "ITA"]
[Date "2004.03.06"]
[Round "1"]
[White "Negro, Roberto"]
[Black "Calavalle, Giulio"]
[Result "1-0"]
[WhiteElo "2132"]
[BlackElo "2149"]
[PlyCount "100"]
[EventDate "2004.03.06"]

1. d4 f5 2. c4 g6 3. Nc3 Nf6 4. g3 Bg7 5. Bg2 c6 6. Nf3 O-O 7. O-O d6 8. b3 Qe8
9. Ba3 h6 10. Rc1 Nbd7 11. Nh4 Qf7 12. f4 Ng4 13. Qd2 c5 14. dxc5 dxc5 15. Nd5
Rb8 16. Nxg6 Bd4+ 17. Kh1 Re8 18. Nh4 e6 19. e3 Bg7 20. Nc7 Re7 21. Nb5 b6 22.
Nxa7 Bb7 23. Nc6 Bxc6 24. Bxc6 Bf6 25. h3 Bxh4 26. hxg4 Bf6 27. gxf5 Qh5+ 28.
Kg2 Qxf5 29. Bxd7 Rd8 30. Qc2 Rexd7 31. Qxf5 exf5 32. Rc2 Rg7 33. Rh1 Kh7 34.
Bb2 Bxb2 35. Rxb2 Rgd7 36. Kf3 Rd3 37. Re2 Re8 38. Rh4 Kg6 39. g4 fxg4+ 40.
Rxg4+ Kf5 41. Rg7 Kf6 42. Rb7 Re6 43. Rb8 Kg7 44. f5 Red6 45. Rg2+ Kh7 46. Rb7+
Kh8 47. Kf4 Rd1 48. Ke5 h5 49. f6 Rd8 50. Rgg7 Re8+ 1-0

[Event "XXXVI C.to Italiano a squadre A1.2"]
[Site "ITA"]
[Date "2004.03.06"]
[Round "1"]
[White "Ortega, Lexy"]
[Black "Mussoni, Marcello"]
[Result "1-0"]
[WhiteElo "2454"]
[BlackElo "2252"]
[PlyCount "50"]
[EventDate "2004.03.06"]

1. d4 Nf6 2. Nf3 e6 3. c4 c5 4. e3 d5 5. cxd5 exd5 6. Bb5+ Bd7 7. Bxd7+ Nbxd7
8. dxc5 Bxc5 9. O-O O-O 10. Bd2 Qe7 11. Bc3 Rfd8 12. Bd4 Rac8 13. Nc3 b6 14.
Rc1 Bd6 15. Bxf6 Qxf6 16. Nxd5 Qe6 17. Rxc8 Rxc8 18. Ng5 Qf5 19. Nc3 Be5 20.
Nge4 Nf8 21. Nd6 Bxd6 22. Qxd6 Qc2 23. Qa3 Rd8 24. Qb3 Qxb3 25. axb3 Rd2 1-0

[Event "XXXVI C.to Italiano a squadre A1.2"]
[Site "ITA"]
[Date "2004.03.06"]
[Round "1"]
[White "Pagnutti, Lorenzo"]
[Black "Belotti, Bruno"]
[Result "0-1"]
[WhiteElo "1952"]
[BlackElo "2407"]
[PlyCount "86"]
[EventDate "2004.03.06"]

1. e4 c5 2. c3 Nf6 3. e5 Nd5 4. d4 cxd4 5. cxd4 e6 6. a3 d6 7. Nf3 Bd7 8. Bd3
Bc6 9. O-O Nd7 10. Qe2 Rc8 11. b4 a6 12. Bd2 Ba4 13. Rc1 Rxc1+ 14. Bxc1 Qc7 15.
Bd2 dxe5 16. dxe5 g6 17. Bc4 N7b6 18. Bd3 Bg7 19. Qe1 Nd7 20. Nc3 Nxc3 21. Bxc3
Bc6 22. Rc1 Bxf3 23. gxf3 Nxe5 24. Be4 O-O 25. Bxe5 Qxe5 26. Bxb7 Qb5 27. Bc6
Qg5+ 28. Kh1 Qf4 29. Qe3 Qh4 30. Rd1 Bh6 31. Rd4 Qh3 32. Qe2 Rc8 33. Ba4 e5 34.
Bd7 Rc1+ 35. Rd1 Qxd7 36. Rxc1 Bxc1 37. Qxa6 Qh3 38. f4 Bxf4 39. Qa8+ Kg7 40.
Qg2 Qxa3 41. Qe4 Qh3 42. Qg2 Qd3 43. Qg1 Qe4+ 0-1

[Event "XXXVI C.to Italiano a squadre A1.2"]
[Site "ITA"]
[Date "2004.03.06"]
[Round "1"]
[White "Tomba, Ivan"]
[Black "Guerra, Alessandro"]
[Result "0-1"]
[WhiteElo "2236"]
[BlackElo "2192"]
[PlyCount "30"]
[EventDate "2004.03.06"]

1. e4 d6 2. d4 Nf6 3. Nc3 Nc6 4. f4 Bg4 5. Qd3 d5 6. h3 dxe4 7. Nxe4 Nxe4 8. d5
Nc5 9. Qd2 Bd7 10. dxc6 Bxc6 11. Nf3 e6 12. Qxd8+ Rxd8 13. Be3 Be7 14. Be2 Ne4
15. Ne5 Bh4+ 0-1

[Event "XXXVI C.to Italiano a squadre A1.2"]
[Site "ITA"]
[Date "2004.03.07"]
[Round "2"]
[White "Cocchi, Andrea"]
[Black "Dervishi, Erald"]
[Result "1/2-1/2"]
[WhiteElo "2297"]
[BlackElo "2490"]
[PlyCount "87"]
[EventDate "2004.03.06"]

1. Nf3 Nf6 2. c4 e6 3. Nc3 d5 4. d4 Be7 5. Bf4 O-O 6. e3 c5 7. dxc5 Bxc5 8. a3
Nc6 9. cxd5 Nxd5 10. Nxd5 exd5 11. Bd3 Be7 12. b4 a6 13. O-O Bf6 14. Rc1 Be6
15. Re1 g6 16. Qd2 Qe7 17. e4 dxe4 18. Bxe4 Rfd8 19. Qe3 Rac8 20. Bg5 Rd6 21.
Bf4 Rdd8 22. Bg5 Re8 23. Bxf6 Qxf6 24. Bxc6 bxc6 25. Qc3 Qxc3 26. Rxc3 Bd5 27.
Rxe8+ Rxe8 28. Kf1 f6 29. Nd2 Rb8 30. Nb3 Bxb3 31. Rxb3 c5 32. Ke2 cxb4 33.
Rxb4 Rxb4 34. axb4 Kf7 35. Kd3 Ke6 36. Kc4 Kd6 37. f4 h5 38. g3 Kc6 39. h3 Kd6
40. Kd4 Kc6 41. Kc4 g5 42. f5 Kd6 43. Kd4 Kc6 44. Kc4 1/2-1/2

[Event "XXXVI C.to Italiano a squadre A1.2"]
[Site "ITA"]
[Date "2004.03.07"]
[Round "2"]
[White "Mascellani, Marco"]
[Black "Caruso, Augusto"]
[Result "0-1"]
[WhiteElo "2266"]
[BlackElo "2224"]
[PlyCount "78"]
[EventDate "2004.03.06"]

1. d4 e6 2. Nf3 d5 3. Bf4 Bd6 4. e3 Ne7 5. Bd3 c5 6. c3 Bxf4 7. exf4 cxd4 8.
cxd4 Qb6 9. Qd2 Nbc6 10. Nc3 Bd7 11. Rc1 Rc8 12. Bb1 Qa6 13. Bd3 Qb6 14. O-O
Nxd4 15. Ne5 Bc6 16. Ne2 Ndf5 17. Rc3 O-O 18. Rb3 Qd8 19. g4 Nh4 20. Bxh7+ Kxh7
21. Rh3 Neg6 22. Nxg6 Kxg6 23. Qd3+ f5 24. Qg3 fxg4 25. Rxh4 Qf6 26. Rxg4+ Kh7
27. Rd1 Rce8 28. Rg5 Qh6 29. Qg4 Rf5 30. Rxf5 exf5 31. Qxf5+ Qg6+ 32. Qxg6+
Kxg6 33. Nc3 d4 34. Nb1 Bf3 35. Rc1 Re2 36. h3 Rxb2 37. Kh2 Be4 38. Na3 Rxf2+
39. Kg3 Rf3+ 0-1

[Event "XXXVI C.to Italiano a squadre A1.2"]
[Site "ITA"]
[Date "2004.03.07"]
[Round "2"]
[White "Mussoni, Marcello"]
[Black "Fabris, Alberto"]
[Result "0-1"]
[WhiteElo "2252"]
[BlackElo "2221"]
[PlyCount "86"]
[EventDate "2004.03.06"]

1. d4 Nf6 2. c4 e6 3. Nf3 b6 4. e3 Bb7 5. Bd3 Be7 6. O-O O-O 7. Nc3 d5 8. b3 c5
9. Bb2 Nc6 10. a3 cxd4 11. exd4 Rc8 12. Re1 Qd6 13. Ne2 Rfd8 14. Ng3 g6 15. Rc1
Qb8 16. Qe2 Re8 17. h4 Bf8 18. h5 Bg7 19. c5 Ne7 20. Bb5 Bc6 21. Ba6 Bb7 22.
hxg6 hxg6 23. Bb5 Bc6 24. Bxc6 Nxc6 25. b4 b5 26. Ne5 Nxe5 27. dxe5 Nh7 28. Nf1
a6 29. Rcd1 Qb7 30. Qg4 Bh6 31. Rd3 Qe7 32. f4 Kg7 33. Rh3 Rh8 34. Ng3 Nf8 35.
Nh5+ Kg8 36. Nf6+ Kg7 37. f5 exf5 38. Qf3 Ne6 39. Qxd5 Nf4 40. Qd6 Nxh3+ 41.
gxh3 Qe6 42. Rd1 Be3+ 43. Kf1 Qc4+ 0-1

[Event "XXXVI C.to Italiano a squadre A1.2"]
[Site "ITA"]
[Date "2004.03.07"]
[Round "2"]
[White "Simoli, Sergio"]
[Black "Ceschia, Ivano"]
[Result "1-0"]
[WhiteElo "2280"]
[BlackElo "2376"]
[PlyCount "57"]
[EventDate "2004.03.06"]

1. Nf3 Nf6 2. c4 g6 3. g3 Bg7 4. Bg2 d6 5. O-O O-O 6. Nc3 e5 7. d3 Nc6 8. Rb1
a5 9. a3 Re8 10. b4 axb4 11. axb4 e4 12. dxe4 Nxe4 13. Nxe4 Rxe4 14. b5 Nd4 15.
Nxd4 Rxd4 16. Qb3 Be6 17. Bxb7 Rxc4 18. Qf3 Bg4 19. Qd3 Rc3 20. Qd2 Rb8 21. Bd5
Rc5 22. Ba3 Rcxb5 23. Rxb5 Rxb5 24. Bxf7+ Kxf7 25. Qf4+ Rf5 26. Qxg4 d5 27. Rc1
h5 28. Qa4 Be5 29. f4 1-0

[Event "XXXVI C.to Italiano a squadre A1.2"]
[Site "ITA"]
[Date "2004.04.16"]
[Round "3"]
[White "Borgo, Giulio"]
[Black "Luciani, Valerio"]
[Result "1-0"]
[WhiteElo "2414"]
[BlackElo "2192"]
[PlyCount "69"]
[EventDate "2004.03.06"]

1. Nf3 d6 2. e4 Nf6 3. Nc3 Bg4 4. h3 Bh5 5. d4 e6 6. g4 Bg6 7. Qe2 c6 8. h4 h5
9. g5 Nfd7 10. d5 cxd5 11. exd5 e5 12. Bh3 Be7 13. Be3 O-O 14. O-O-O a6 15. Nd2
b5 16. Rhe1 Qc7 17. a3 Re8 18. Nde4 Nb6 19. Bxb6 Qxb6 20. f4 exf4 21. Nf6+ gxf6
22. gxf6 Qe3+ 23. Qxe3 fxe3 24. Rxe3 Ra7 25. Rde1 Kf8 26. Na2 a5 27. Nc3 Rb7
28. Bf1 Bxf6 29. Rxe8+ Kg7 30. Nxb5 Nd7 31. Be2 Bxh4 32. Rg1 Nf6 33. Ra8 Nxd5
34. Nxd6 Rd7 35. Nf5+ 1-0

[Event "XXXVI C.to Italiano a squadre A1.2"]
[Site "ITA"]
[Date "2004.04.16"]
[Round "3"]
[White "Calavalle, Giulio"]
[Black "Pozzato, Alberto"]
[Result "1/2-1/2"]
[WhiteElo "2149"]
[BlackElo "1762"]
[PlyCount "70"]
[EventDate "2004.03.06"]

1. e4 c5 2. Nf3 d6 3. d4 cxd4 4. Nxd4 Nf6 5. Nc3 a6 6. Bd3 e5 7. Nde2 Be7 8.
O-O O-O 9. Bg5 Nbd7 10. Ng3 Nb6 11. Qd2 Be6 12. Rad1 Qc7 13. Bxf6 Bxf6 14. Nd5
Bxd5 15. exd5 g6 16. c4 Bg7 17. Ne4 Nd7 18. Qb4 Nc5 19. Nxc5 dxc5 20. Qd2 f5
21. f3 Rfe8 22. Rfe1 Qd6 23. Bc2 Rad8 24. Rb1 b5 25. cxb5 axb5 26. a4 bxa4 27.
Bxa4 Re7 28. b4 c4 29. Bc6 Qxc6 30. dxc6 Rxd2 31. b5 e4 32. b6 Bd4+ 33. Kh1
Bxb6 34. Rxb6 e3 35. Kg1 f4 1/2-1/2

[Event "XXXVI C.to Italiano a squadre A1.2"]
[Site "ITA"]
[Date "2004.04.16"]
[Round "3"]
[White "Caruso, Augusto"]
[Black "Belotti, Bruno"]
[Result "0-1"]
[WhiteElo "2207"]
[BlackElo "2407"]
[PlyCount "64"]
[EventDate "2004.03.06"]

1. e4 c5 2. Nf3 e6 3. c3 Nf6 4. e5 Nd5 5. g3 d6 6. exd6 Bxd6 7. Bg2 Nc6 8. O-O
O-O 9. d4 Bd7 10. Nbd2 cxd4 11. Ne4 Be7 12. Nxd4 Qb6 13. Nf3 Rad8 14. c4 Nf6
15. Nc3 e5 16. Qe1 Bf5 17. Nxe5 Nb4 18. Qe3 Qe6 19. Nd5 Nfxd5 20. cxd5 Qf6 21.
g4 Nc2 22. Qf4 Nxa1 23. Qxf5 Qxf5 24. gxf5 Nc2 25. Rd1 Rfe8 26. Nc4 Bc5 27. Kf1
b5 28. Nd2 Bb6 29. Ne4 Re5 30. Ng3 Nb4 31. Bf4 Rexd5 32. Bxd5 Nxd5 0-1

[Event "XXXVI C.to Italiano a squadre A1.2"]
[Site "ITA"]
[Date "2004.04.16"]
[Round "3"]
[White "Dervishi, Erald"]
[Black "Godena, Michele"]
[Result "1/2-1/2"]
[WhiteElo "2484"]
[BlackElo "2533"]
[PlyCount "39"]
[EventDate "2004.03.06"]

1. e4 e5 2. Nf3 Nc6 3. Bb5 a6 4. Ba4 Nf6 5. O-O b5 6. Bb3 Bc5 7. c3 d6 8. d4
Bb6 9. Re1 O-O 10. h3 Bb7 11. Be3 exd4 12. cxd4 Na5 13. d5 Nxb3 14. Qxb3 c6 15.
dxc6 Bxc6 16. Nc3 Re8 17. Bxb6 Qxb6 18. e5 dxe5 19. Nxe5 Qb7 20. Nxc6 1/2-1/2

[Event "XXXVI C.to Italiano a squadre A1.2"]
[Site "ITA"]
[Date "2004.04.16"]
[Round "3"]
[White "Mussoni, Marcello"]
[Black "Cocchi, Andrea"]
[Result "1/2-1/2"]
[WhiteElo "2252"]
[BlackElo "2303"]
[PlyCount "83"]
[EventDate "2004.03.06"]

1. d4 d5 2. Nf3 Nf6 3. c4 c6 4. Nc3 e6 5. e3 Nbd7 6. Qc2 Bd6 7. Be2 O-O 8. O-O
dxc4 9. Bxc4 e5 10. Rd1 Qe7 11. h3 exd4 12. exd4 Nb6 13. Re1 Qc7 14. Bb3 Nbd5
15. Bg5 h6 16. Bxf6 Nxf6 17. Ne5 Bd7 18. Rad1 Rae8 19. Nxd7 Qxd7 20. Qd3 Rxe1+
21. Rxe1 Re8 22. Ne4 Nd5 23. Qf1 Bb4 24. Nc5 Bxc5 25. dxc5 Rxe1 26. Qxe1 Nf4
27. Qe5 Nd5 28. Bc2 g6 29. a3 a5 30. b3 Qc7 31. Qe1 Kg7 32. Bd3 b6 33. cxb6
Qxb6 34. Qe5+ Kg8 35. Bc4 Qc5 36. a4 Qe7 37. Qd4 Nb4 38. Qd2 Kg7 39. g3 h5 40.
h4 c5 41. Qc3+ Kh7 42. Qf3 1/2-1/2

[Event "XXXVI C.to Italiano a squadre A1.2"]
[Site "ITA"]
[Date "2004.04.16"]
[Round "3"]
[White "Ortega, Lexy"]
[Black "Scalcione, Michelangelo"]
[Result "1-0"]
[WhiteElo "2419"]
[BlackElo "2220"]
[PlyCount "61"]
[EventDate "2004.03.06"]

1. Nf3 g6 2. e4 Bg7 3. d4 c5 4. dxc5 Qa5+ 5. c3 Qxc5 6. Na3 b6 7. Bc4 Bb7 8.
O-O Nf6 9. e5 Ne4 10. Be3 Qc7 11. Bd5 O-O 12. Re1 Nc5 13. Bxc5 bxc5 14. Bxb7
Qxb7 15. Nc4 Na6 16. Qa4 Rad8 17. Rad1 Nb8 18. Rd2 Bh6 19. Rd3 Nc6 20. Red1 Bg7
21. Qb3 Qa6 22. a4 Rb8 23. Qa2 d6 24. exd6 e5 25. Rd5 e4 26. Ng5 Qb7 27. Rxc5
Nd8 28. Rc7 Qa6 29. Nxe4 Ne6 30. Nc5 Nxc5 31. Rxc5 1-0

[Event "XXXVI C.to Italiano a squadre A1.2"]
[Site "ITA"]
[Date "2004.04.16"]
[Round "3"]
[White "Picco, Ruggero"]
[Black "Mascellani, Marco"]
[Result "0-1"]
[WhiteElo "2038"]
[BlackElo "2269"]
[PlyCount "72"]
[EventDate "2004.03.06"]

1. e4 c5 2. b4 cxb4 3. Bb2 d5 4. exd5 Qxd5 5. d4 Nf6 6. c4 bxc3 7. Nxc3 Qa5 8.
d5 e6 9. Bb5+ Bd7 10. Bxd7+ Nbxd7 11. dxe6 fxe6 12. Nge2 Bc5 13. O-O O-O 14.
Nf4 Qb4 15. Nd3 Qh4 16. Nxc5 Nxc5 17. Qd6 b6 18. h3 Rad8 19. Qc7 Rd7 20. Qe5
Rd2 21. Ba3 Nfd7 22. Qe1 Qd4 23. Bxc5 Nxc5 24. Rd1 Rxd1 25. Nxd1 Rd8 26. Qe2
Qd3 27. Qb2 Qd2 28. Qa3 a5 29. Ne3 Rd3 30. Qc1 Qxa2 31. Rd1 Qb3 32. Rxd3 Qxd3
33. Qb2 Nd7 34. Qc1 Nf8 35. Qc7 a4 36. Qxb6 a3 0-1

[Event "XXXVI C.to Italiano a squadre A1.2"]
[Site "ITA"]
[Date "2004.04.16"]
[Round "3"]
[White "Vancini, Edoardo"]
[Black "Pagnutti, Lorenzo"]
[Result "1-0"]
[WhiteElo "2306"]
[BlackElo "2052"]
[PlyCount "61"]
[EventDate "2004.03.06"]

1. d4 Nf6 2. Bg5 d6 3. Bxf6 exf6 4. e3 g6 5. g3 Bg7 6. Bg2 O-O 7. Ne2 Nc6 8.
O-O Ne7 9. c4 c6 10. Nd2 f5 11. b4 Bd7 12. Rb1 a6 13. a4 Qc7 14. Qb3 Ra7 15.
Rfc1 b6 16. b5 axb5 17. cxb5 c5 18. Nc4 d5 19. Nxb6 Qxb6 20. dxc5 Qa5 21. c6
Be6 22. b6 d4 23. Qb5 Qxb5 24. axb5 Ra2 25. Nxd4 Be5 26. b7 Bd5 27. c7 Bxc7 28.
Rxc7 Bxg2 29. Kxg2 Nd5 30. Rc8 Nxe3+ 31. Kg1 1-0

[Event "XXXVI C.to Italiano a squadre A1.2"]
[Site "ITA"]
[Date "2004.04.17"]
[Round "4"]
[White "Borgo, Giulio"]
[Black "Negro, Roberto"]
[Result "1-0"]
[WhiteElo "2414"]
[BlackElo "2166"]
[PlyCount "61"]
[EventDate "2004.03.06"]

1. e4 d6 2. d4 g6 3. Nf3 Bg7 4. c3 Nf6 5. Bd3 O-O 6. O-O Nc6 7. h3 e5 8. Re1 h6
9. Na3 exd4 10. cxd4 Nb4 11. Bb1 Re8 12. Nb5 c6 13. Nc3 d5 14. e5 Nh7 15. Bd2
Na6 16. Qc1 h5 17. Bd3 Nc7 18. b4 a6 19. Na4 Ne6 20. Nc5 Nxc5 21. bxc5 Be6 22.
Qc2 Nf8 23. Ng5 f5 24. g4 hxg4 25. hxg4 Qd7 26. Kg2 Re7 27. gxf5 Bxf5 28. Bxf5
gxf5 29. Rh1 Bh8 30. Rh5 Nh7 31. Rah1 1-0

[Event "XXXVI C.to Italiano a squadre A1.2"]
[Site "ITA"]
[Date "2004.04.17"]
[Round "4"]
[White "Guerra, Alessandro"]
[Black "Belotti, Bruno"]
[Result "0-1"]
[WhiteElo "2192"]
[BlackElo "2407"]
[PlyCount "90"]
[EventDate "2004.03.06"]

1. c4 g6 2. f4 c5 3. Nf3 Bg7 4. Nc3 Nc6 5. e3 Nf6 6. Be2 O-O 7. O-O b6 8. Ne5
Bb7 9. Bf3 e6 10. Qa4 Qc7 11. a3 Nxe5 12. fxe5 Ne8 13. d4 Bxf3 14. gxf3 d6 15.
f4 f6 16. d5 Qe7 17. dxe6 Qxe6 18. Qc6 Rd8 19. f5 gxf5 20. Qd5 Qxd5 21. Nxd5
fxe5 22. Ne7+ Kh8 23. Nxf5 Nf6 24. Bd2 Ne4 25. Rad1 d5 26. Nxg7 Rxf1+ 27. Kxf1
dxc4 28. Ne6 Rxd2 29. Rxd2 Nxd2+ 30. Ke2 Ne4 31. Nd8 c3 32. bxc3 Nxc3+ 33. Kd3
Nb5 34. a4 Nd6 35. e4 c4+ 36. Kc3 Nxe4+ 37. Kxc4 Nc5 38. Nc6 e4 39. Nxa7 Nxa4
40. Kd4 Nc5 41. Nc8 b5 42. Nd6 b4 43. Nc4 b3 44. Ke3 Kg7 45. Kd4 Kh6 0-1

[Event "XXXVI C.to Italiano a squadre A1.2"]
[Site "ITA"]
[Date "2004.04.17"]
[Round "4"]
[White "Luciani, Valerio"]
[Black "Pozzato, Alberto"]
[Result "1-0"]
[WhiteElo "2192"]
[BlackElo "1762"]
[PlyCount "65"]
[EventDate "2004.03.06"]

1. d4 Nf6 2. c4 e6 3. Nc3 b6 4. e4 Bb4 5. Bd3 Bb7 6. f3 Bxc3+ 7. bxc3 d6 8. Ne2
O-O 9. Bg5 e5 10. O-O Nbd7 11. Qd2 Qe8 12. Ng3 Kh8 13. Rae1 Ng8 14. h3 f6 15.
Be3 Rf7 16. f4 exf4 17. Rxf4 Nf8 18. Qd1 Ne6 19. Rf2 Ne7 20. Ref1 Rf8 21. Qg4
Bc8 22. Qe2 Bb7 23. Bc2 Rd8 24. d5 Nc5 25. Bxc5 bxc5 26. e5 dxe5 27. Qe4 Ng6
28. h4 Rg8 29. h5 Nf8 30. h6 Qg6 31. hxg7+ Rxg7 32. Rxf6 Qxe4 33. Rxf8+ 1-0

[Event "XXXVI C.to Italiano a squadre A1.2"]
[Site "ITA"]
[Date "2004.04.17"]
[Round "4"]
[White "Mussoni, Marcello"]
[Black "Dervishi, Erald"]
[Result "0-1"]
[WhiteElo "2252"]
[BlackElo "2484"]
[PlyCount "34"]
[EventDate "2004.03.06"]

1. d4 Nf6 2. Nf3 e6 3. e3 b6 4. Bd3 Bb7 5. O-O c5 6. b3 Be7 7. Bb2 O-O 8. Re1
d5 9. c4 Nbd7 10. Nc3 Ne4 11. Qc2 f5 12. Ne5 cxd4 13. exd4 Nxe5 14. dxe5 Bc5
15. Re2 Nxc3 16. Bxc3 dxc4 17. Bxc4 Qg5 0-1

[Event "XXXVI C.to Italiano a squadre A1.2"]
[Site "ITA"]
[Date "2004.04.17"]
[Round "4"]
[White "Ortega, Lexy"]
[Black "Fabris, Alberto"]
[Result "1-0"]
[WhiteElo "2419"]
[BlackElo "2221"]
[PlyCount "83"]
[EventDate "2004.03.06"]

1. Nf3 Nf6 2. c4 e6 3. e3 b6 4. d4 Bb7 5. Bd3 Be7 6. Nc3 O-O 7. e4 d5 8. cxd5
exd5 9. e5 Ne4 10. O-O Nd7 11. Qe2 f5 12. Ba6 Bxa6 13. Qxa6 c6 14. Bd2 Qc8 15.
Qd3 Rd8 16. h4 Nf8 17. Rac1 Qb7 18. Ne2 Ne6 19. Nf4 Nxf4 20. Bxf4 c5 21. g3
Rac8 22. Kg2 c4 23. Qe2 b5 24. Ng1 g5 25. hxg5 Bxg5 26. Nh3 Qg7 27. Bxg5 Nxg5
28. Nf4 Rc6 29. Rh1 Ne6 30. Nxe6 Rxe6 31. Rh4 Rh6 32. Rch1 Rxh4 33. Rxh4 Rf8
34. Qf3 Qf7 35. Rh6 b4 36. Rf6 Qd7 37. e6 Qb7 38. Qxf5 Rxf6 39. Qxf6 c3 40.
bxc3 bxc3 41. Qd8+ Kg7 42. e7 1-0

[Event "XXXVI C.to Italiano a squadre A1.2"]
[Site "ITA"]
[Date "2004.04.17"]
[Round "4"]
[White "Picco, Ruggero"]
[Black "Caruso, Augusto"]
[Result "0-1"]
[WhiteElo "2038"]
[BlackElo "2207"]
[PlyCount "56"]
[EventDate "2004.03.06"]

1. e4 e5 2. Nf3 Nc6 3. Nc3 d6 4. d4 Bg4 5. dxe5 dxe5 6. Qxd8+ Rxd8 7. Bb5 f6 8.
Nd5 a6 9. Ba4 Bd6 10. Be3 b5 11. Bb3 Nge7 12. O-O Nxd5 13. Bxd5 Nb4 14. Bb3 c5
15. c4 Be6 16. Nd2 Ke7 17. Rac1 Rc8 18. Rc3 Nc6 19. cxb5 Nd4 20. Bxd4 exd4 21.
Rc2 Bxb3 22. Nxb3 axb5 23. Rd1 d3 24. Rxd3 c4 25. Rxd6 cxb3 26. Rcd2 bxa2 27.
Rd7+ Ke8 28. Rd1 a1=Q 0-1

[Event "XXXVI C.to Italiano a squadre A1.2"]
[Site "ITA"]
[Date "2004.04.17"]
[Round "4"]
[White "Scalcione, Michelangelo"]
[Black "Pagnutti, Lorenzo"]
[Result "1-0"]
[WhiteElo "2220"]
[BlackElo "2052"]
[PlyCount "97"]
[EventDate "2004.03.06"]

1. Nf3 Nf6 2. c4 g6 3. Nc3 Bg7 4. e4 d6 5. d4 O-O 6. Be2 Nc6 7. d5 Ne5 8. Nxe5
dxe5 9. Be3 e6 10. Qd2 exd5 11. cxd5 a6 12. O-O-O b5 13. f3 Bd7 14. Bc5 Re8 15.
g4 Qb8 16. Bd3 b4 17. Ne2 a5 18. Ng3 Bb5 19. h4 Nd7 20. Be3 Ra6 21. h5 Bxd3 22.
Qxd3 Rd6 23. hxg6 hxg6 24. Qe2 c6 25. Qh2 cxd5 26. Qh7+ Kf8 27. Bh6 Bxh6+ 28.
Qxh6+ Ke7 29. Qg5+ f6 30. Qxg6 Kd8 31. exd5 Qb5 32. Ne4 Rxd5 33. Kb1 Rf8 34.
Qg7 a4 35. Nxf6 Nxf6 36. Qxf8+ Ne8 37. Qg8 Rd7 38. Qg5+ Kc8 39. Rxd7 Kxd7 40.
Rd1+ Nd6 41. Qg7+ Ke8 42. Qg8+ Ke7 43. Qg5+ Kd7 44. Qf6 Qc5 45. g5 b3 46. axb3
axb3 47. Qf7+ Kc6 48. Qxb3 Nc4 49. Qxc4 1-0

[Event "XXXVI C.to Italiano a squadre A1.2"]
[Site "ITA"]
[Date "2004.04.17"]
[Round "4"]
[White "Simoli, Sergio"]
[Black "Godena, Michele"]
[Result "0-1"]
[WhiteElo "2280"]
[BlackElo "2533"]
[PlyCount "78"]
[EventDate "2004.03.06"]

1. e4 e5 2. Nf3 Nc6 3. Bb5 a6 4. Ba4 Nf6 5. O-O b5 6. Bb3 Bc5 7. a4 Bb7 8. d3
b4 9. a5 d6 10. c3 bxc3 11. bxc3 Rb8 12. Bc4 h6 13. Be3 Bxe3 14. fxe3 O-O 15.
Qe1 Ne7 16. Nh4 d5 17. exd5 Bxd5 18. Bxa6 Ra8 19. Bc4 Bxc4 20. dxc4 Qd3 21. Qg3
Ne4 22. Qf3 f5 23. Rd1 Qxc4 24. Rd7 Qb5 25. Qd1 Rxa5 26. Rxa5 Qxa5 27. Nd2 Qc5
28. Qb3+ Kh7 29. Nf1 Nf6 30. Rd1 e4 31. g3 Nfd5 32. c4 Nb6 33. Qb5 Qxb5 34.
cxb5 Ned5 35. Rc1 g5 36. Ng2 Ra8 37. Nd2 Ra3 38. Nc4 Nxc4 39. Rxc4 Ra1+ 0-1

[Event "XXXVI C.to Italiano a squadre A1.2"]
[Site "ITA"]
[Date "2004.04.18"]
[Round "5"]
[White "Belotti, Bruno"]
[Black "Molina, Fabrizio"]
[Result "1-0"]
[WhiteElo "2407"]
[BlackElo "2244"]
[PlyCount "77"]
[EventDate "2004.03.06"]

1. e4 e6 2. d4 d5 3. Nd2 dxe4 4. Nxe4 Bd7 5. Nf3 Bc6 6. Bd3 Nf6 7. Ng3 Nbd7 8.
O-O Be7 9. b3 h5 10. Ng5 h4 11. Ne2 Nb6 12. c4 Nh5 13. f4 Bf6 14. Be3 Nxf4 15.
Nxf4 Bxg5 16. Qg4 h3 17. Rf2 Rh4 18. Qg3 Bxf4 19. Bxf4 Qxd4 20. Rd1 Rxf4 21.
Qxf4 Qxf4 22. Rxf4 Bxg2 23. Bf1 g5 24. Rf6 Ke7 25. Rh6 Bf3 26. Rd3 Be4 27.
Rdxh3 Rd8 28. Re3 Bf5 29. Rh5 Kf6 30. h4 g4 31. Be2 Nd7 32. Bd3 Ne5 33. Bxf5
exf5 34. Rh6+ Ng6 35. Re1 Kg7 36. Rh5 Rd2 37. Rf1 f4 38. Rg5 g3 39. Rxf4 1-0